Biggest cities in the USA by picture - Statistics

General Stats
  • This quiz has been taken 33 times
  • The average score is 8 of 10
Answer Stats
Picture Answer % Correct
New York
100%
Chicago
97%
Los Angeles
94%
Houston
88%
Philadelphia
75%
Dallas
72%
Phoenix
72%
Austin
69%
San Antonio
63%
San Diego
56%
No matching quizzes found
Score Distribution
Percent of People with Each Score
Percentile by Number Answered
Your Score History
You have not taken this quiz